| 000 | 01059cam a22002654a 4500 | ||
|---|---|---|---|
| 999 |
_c128062 _d128062 |
||
| 001 | 11957134 | ||
| 003 | ARRUPE | ||
| 005 | 20180903085916.0 | ||
| 008 | 000329s2001 nyua b 001 0 eng | ||
| 010 | _a 00037830 | ||
| 020 | _a0631210504 (alk. paper) | ||
| 040 |
_aDLC _cDLC _dDLC |
||
| 042 | _apcc | ||
| 050 | 0 | 0 |
_aJA76 _b.B58 2000 |
| 082 | 0 | 0 |
_a306.2 _221 |
| 245 | 0 | 4 |
_aThe Blackwell companion to political sociology / _cedited by Kate Nash and Alan Scott. |
| 260 |
_aMalden, Mass. : _bBlackwell, _cc2001. |
||
| 300 |
_axiv, 478 p. : _bill. ; _c25 cm. |
||
| 440 | 0 |
_aBlackwell companions to sociology _941870 |
|
| 504 | _aIncludes bibliographical references (p. [418]-461) and index. | ||
| 650 | 0 |
_aPolitical sociology. _941871 |
|
| 700 | 1 |
_aNash, Kate, _d1958- _941872 |
|
| 700 | 1 |
_aScott, Alan, _d1956- _941873 |
|
| 906 |
_a7 _bcbc _corignew _d1 _eocip _f20 _gy-gencatlg |
||
| 942 |
_2lcc _cMONOGRAPH |
||